000 01231nam0a22003131 4500
001 RU\INFOCOMM_322\NLR\5000207805
005 20250613111438.0
035 _a(NLR Aleph) 009587822
090 _a9231724
_c9231724
100 _a20130301d1981 |||y0rusy50 ca
101 0 _ager
102 _aRU
105 _ay z |||||
200 1 _aDie internationale Gewerkschaftsbewegung
_eGegenwärtige Entwicklungstendenzen
_fLew Moskwin, Juri Skwirski
210 _aM.
_cProfisdat
_d1981
215 _a70 с.
_d20 см
300 _aВ вып. дан.: Международное профсоюзное движение: Современные тенденции развития / Лев Москвин, Юрий Сквирский
606 _aМеждународное профессиональное движение
_2nlr_sh1
620 _aМосква
686 _aФ72(0)0,02
_2rubbk
700 1 _9z01790
_aMoskvin
_bL. B.
_f1926-
_gLev Borisovič
701 1 _9z02790
_aSkvirskij
_bJ. R.
_gJurij Rafailovič
790 1 _9z01700
_aMoskwin
_bL.
_gLew
_4070
790 1 _9z02701
_aSkwirski
_bJ.
_gJuri
_4070
801 1 _aRU
_bInfocomm
_c20130301
801 0 _aRU
_bINFOCOMM
_gPSBO
852 _aNLR
_jИ25 Д-4/169
942 _cBOOK
980 _aNB